Landlocked Countries Containing B - Statistics

General Stats
  • This quiz has been taken 17 times
  • The average score is 12 of 14
Answer Stats
Answer % Correct
Bolivia
100%
Botswana
94%
Zimbabwe
94%
Azerbaijan
88%
Belarus
88%
Burkina Faso
88%
Burundi
88%
Zambia
88%
Luxembourg
81%
Serbia
81%
Bhutan
75%
Uzbekistan
75%
Central African Republic
63%
Czech Republic
63%
No matching quizzes found
Score Distribution
Percent of People with Each Score
Percentile by Number Answered
Your Score History
You have not taken this quiz